| 000 | 00410 a2200133 4500 | ||
|---|---|---|---|
| 001 | 91630 | ||
| 082 | _aPR 1595 | ||
| 090 |
_c43785 _d43784 |
||
| 100 | _aAli Ausajah; Prof Tahir Mahmood, Advisor | ||
| 245 |
_aDesign of Universal Multipurpose audio mixer / amplifier and microphone for fighter aircraft of PAF _n52 "B" EC |
||
| 260 |
_aRawalpindi _bNUST _c2000 |
||
| 300 | _a220p | ||
| 500 | _aBE Project Reports | ||
| 942 |
_aCAE NUST _kPR 1595 |
||
| 999 |
_c326703 _d326703 |
||